|
|
|
|
| LEADER |
00000nam a22000007a 4500 |
| 005 |
20160419123145.0 |
| 007 |
cr|||| ||u| |
| 008 |
160419s2006 bl ||||| |||| 00||0 por d |
| 020 |
|
|
|a Cristiane Maria Vieira
|
| 035 |
|
|
|a 14137
|
| 040 |
|
|
|a vLex
|
| 090 |
|
|
|c 6019
|d 6019
|
| 100 |
1 |
|
|a Maria Vieira, Cristiane
|
| 245 |
1 |
0 |
|a Contratos. Teoria Prt̀ica. Legislaȯ̂
|h [Recurso electrn̤ico] /
|c Cristiane Maria Vieira
|
| 256 |
|
|
|a Servicio en ln̕ea
|
| 260 |
|
|
|a Brasil
|b LEUD
|c 2006
|
| 300 |
|
|
|a 1 recurso electrn̤ico
|
| 506 |
1 |
|
|a Contenido solo disponible en los productos indicados
|d vLex Global
|d vLex Global (Academic Edition, excluding Law Schools)
|d vLex Global (U.S. Academic Edition, Law Schools)
|d vLex Global (U.S. Academic Edition, excluding Law Schools)
|d vLex Global (Academic Edition, Law Schools)
|
| 650 |
0 |
4 |
|a Legislacin̤
|z Brasil
|
| 740 |
0 |
|
|a vLex libros (servicio en ln̕ea)
|
| 856 |
4 |
0 |
|u http://vlex.com/source/contratos-14137
|z Acceso restringido
|
| 942 |
|
|
|c BOOK
|
| 999 |
0 |
|
|a Legislation
|b Brasil
|